000 00675nam a2200205Ia 4500
008 191130s2006##################000#0#eng##
020 _a3598117523
040 _aACL
_cACL
082 _a021.8 EKO
100 _aEkonen, Kirsti
245 _aHandbook on international exchange of publications : Herausgegeben im Auftrag der IFLA
_cHrsg. Kirsti Ekonen ; Hrsg. Päivi Paloposki ; Hrsg. Pentti Vattulainen
250 _a5th ed
260 _aMünchen ; New York
_bK.G. Saur
_c2006
300 _a158 p. : ill
650 _aRelationships with government
700 _aPaloposki, Päivi
990 _a0aae3b81ac10000c0d65d16abb544707
991 _a138966
999 _c201297
_d201297